| Tag |
First Indicator |
Second Indicator |
Subfields |
| LEADER |
00000cam a2200000I 4500 |
| 001 |
in00002028921 |
| 005 |
20151031170937.0 |
| 008 |
040825s2004 enka b 001 0 eng d |
| 020 |
|
|
|a 0750660007 (pbk.)
|
| 035 |
|
|
|a (OCoLC)ocm56347169
|
| 040 |
|
|
|a SISPL
|c SISPL
|d ERE
|d TXA
|d UtOrBLW
|
| 049 |
|
|
|a TXAM
|
| 090 |
|
|
|a VM156
|b .B34 2004
|
| 100 |
1 |
|
|a Barrass, C. B.
|
| 245 |
1 |
0 |
|a Ship design and performance for masters and mates /
|c C.B. Barrass.
|
| 264 |
|
1 |
|a Oxford :
|b Elsevier Butterworth-Heinemann,
|c 2004.
|
| 300 |
|
|
|a xii, 252 pages :
|b illustrations ;
|c 24 cm.
|
| 336 |
|
|
|a text
|b txt
|2 rdacontent
|
| 337 |
|
|
|a unmediated
|b n
|2 rdamedia
|
| 338 |
|
|
|a volume
|b nc
|2 rdacarrier
|
| 504 |
|
|
|a Includes bibliographical references (pages [241]-242) and index.
|
| 650 |
|
0 |
|a Naval architecture.
|
| 650 |
|
0 |
|a Shipbuilding.
|
| 994 |
|
|
|a C0
|b TXA
|
| 948 |
|
|
|a cataloged
|b h
|c 2005/1/27
|d c
|e bwalker
|f 12:26:08 pm
|
| 999 |
|
|
|a MARS
|
| 999 |
f |
f |
|s aabf5dd1-4eda-3d53-ba9f-fa999f94e048
|i 8db34937-15d8-3cbe-ab4a-05aec49e4719
|t 0
|
| 952 |
f |
f |
|p normal
|a Texas A&M University
|b College Station
|c Sterling C. Evans Library
|d Evans: Library Stacks
|t 0
|e VM156 .B34 2004
|h Library of Congress classification
|i unmediated -- volume
|m A14831742064
|
| 998 |
f |
f |
|a VM156 .B34 2004
|t 0
|l Evans: Library Stacks
|